[Event "Ayvalik Ananas"]
[Site "Ayvalik"]
[Date "2024.01.26"]
[Round "4.4"]
[White "Karaoglan, Doruk"]
[Black "Nadj Hedjesi, Balind"]
[Result "1-0"]
[WhiteElo "2233"]
[BlackElo "2238"]
[PlyCount "111"]
[EventDate "2024.01.25"]
[EventType "schev"]
[EventRounds "10"]
[EventCountry "TUR"]
[SourceTitle "CB05_2024"]
[SourceDate "2024.01.31"]
[SourceVersion "1"]
[SourceVersionDate "2024.01.31"]
[SourceQuality "1"]
[WhiteTeam "Stars"]
[BlackTeam "Masters"]
[WhiteTeamCountry "TUR"]
[BlackTeamCountry "TUR"]

1. e4 e6 2. d4 d5 3. Nd2 h6 4. Ngf3 Nf6 5. e5 Nfd7 6. Bd3 c5 7. c3 Nc6 8. 0-0 g5 9. dxc5 Bxc5 10. Nb3 Bb6 11. Bb5 g4 12. Nfd4 Ncxe5 13. Bf4 Qf6 14. Bg3 a6 15. Be2 h5 16. f3 gxf3 17. Bxf3 Nxf3+ 18. Rxf3 Qg6 19. Qe2 h4 20. Bd6 a5 21. Raf1 Ra6 22. Ba3 a4 23. Nc1 Rh7 24. Nd3 Rg7 25. Kh1 Bxd4 26. cxd4 Rc6 27. Rf4 h3 28. gxh3 b6 29. Rg4 Qh7 30. Rxg7 Qxg7 31. Rg1 Qh7 32. Nf2 Kd8 33. Qe3 Ba6 34. Qf4 Kc8 35. Rc1 Rc2 36. Rxc2+ Qxc2 37. Qxf7 Qc1+ 38. Kg2 Bf1+ 39. Kf3 Qe1 40. Bd6 Qe2+ 41. Kg3 Qe3+ 42. Kh4 Qxd4+ 43. Kg5 Bb5 44. h4 e5 45. Ng4 Qd2+ 46. Kg6 Qg2 47. Kh5 Kb7 48. Bxe5 Ka6 49. Qg8 Bc6 50. Bg3 Qf3 51. Qe6 Kb5 52. Kg5 Nc5 53. Qxc6+ Ka6 54. Qc8+ Kb5 55. Qe8+ Kc4 56. Ne5+ 1-0

[Event "Ayvalik Mango"]
[Site "Ayvalik"]
[Date "2024.01.22"]
[Round "8.2"]
[White "Nadj Hedjesi, Balind"]
[Black "Dolgun, Can"]
[Result "0-1"]
[WhiteElo "2238"]
[BlackElo "2291"]
[PlyCount "78"]
[EventDate "2024.01.19"]
[EventType "schev"]
[EventRounds "10"]
[EventCountry "TUR"]
[SourceTitle "CB05_2024"]
[SourceDate "2024.01.31"]
[SourceVersion "1"]
[SourceVersionDate "2024.01.31"]
[SourceQuality "1"]
[WhiteTeam "Ustalar"]
[BlackTeam "Yildizlar"]
[WhiteTeamCountry "TUR"]
[BlackTeamCountry "TUR"]

1. e4 e5 2. d4 exd4 3. Qxd4 Nc6 4. Qd3 d5 5. Qxd5 Qxd5 6. exd5 Nb4 7. Bb5+ Bd7 8. Bxd7+ Kxd7 9. Na3 Nxd5 10. Nc4 Re8+ 11. Kf1 Bc5 12. Bg5 Kc8 13. Rd1 Ngf6 14. Nh3 Rd8 15. Ke2 Rhe8+ 16. Kf3 b5 17. Bxf6 gxf6 18. Na5 Nb4 19. Rxd8+ Rxd8 20. c3 Nd3 21. b4 Bb6 22. Nb3 Re8 23. g3 Ne1+ 24. Kg4 Re5 25. Nf4 h5+ 26. Kh3 Bxf2 27. Rf1 Bb6 28. Nd4 a6 29. Kh4 Kb7 30. Nf3 Nxf3+ 31. Rxf3 a5 32. a3 a4 33. c4 bxc4 34. Rc3 Re3 35. Rxc4 Rxa3 36. b5 Ra2 37. h3 a3 38. Nxh5 Rd2 39. Nf4 a2 0-1

[Event "Ayvalik Erik"]
[Site "Ayvalik"]
[Date "2023.11.25"]
[Round "7.5"]
[White "Nadj Hedjesi, Balind"]
[Black "Baradaran Tamadon, Arian"]
[Result "1/2-1/2"]
[WhiteElo "2227"]
[BlackElo "2202"]
[PlyCount "57"]
[EventDate "2023.11.22"]
[EventType "schev"]
[EventRounds "10"]
[EventCountry "TUR"]
[SourceTitle "CB48_2023"]
[SourceDate "2023.11.29"]
[SourceVersion "1"]
[SourceVersionDate "2023.11.29"]
[SourceQuality "1"]
[WhiteTeam "Masters"]
[BlackTeam "Stars"]
[WhiteTeamCountry "TUR"]
[BlackTeamCountry "TUR"]

1. e4 c5 2. Nf3 e6 3. d4 cxd4 4. Nxd4 Nc6 5. Nc3 Qc7 6. Be3 a6 7. g4 h6 8. h4 b5 9. Nxc6 Qxc6 10. Rg1 Ba3 11. bxa3 Qxc3+ 12. Bd2 Qe5 13. g5 hxg5 14. Rxg5 Qxe4+ 15. Be3 d5 16. Rxg7 Ne7 17. Rg4 Qe5 18. Qd4 Nc6 19. Qxe5 Nxe5 20. Rg3 Rxh4 21. Rg8+ Kd7 22. 0-0-0 Rh7 23. Bf4 Ng6 24. Be3 Ne5 25. Bf4 Ng6 26. Be3 Ne5 27. Bf4 Ng6 28. Be3 Ne5 29. f3 1/2-1/2

[Event "Ayvalik Erik"]
[Site "Ayvalik"]
[Date "2023.11.22"]
[Round "2.5"]
[White "Baradaran Tamadon, Arian"]
[Black "Nadj Hedjesi, Balind"]
[Result "1-0"]
[WhiteElo "2202"]
[BlackElo "2227"]
[PlyCount "145"]
[EventDate "2023.11.22"]
[EventType "schev"]
[EventRounds "10"]
[EventCountry "TUR"]
[SourceTitle "CB48_2023"]
[SourceDate "2023.11.29"]
[SourceVersion "1"]
[SourceVersionDate "2023.11.29"]
[SourceQuality "1"]
[WhiteTeam "Stars"]
[BlackTeam "Masters"]
[WhiteTeamCountry "TUR"]
[BlackTeamCountry "TUR"]

1. e4 c5 2. Nf3 e6 3. d4 cxd4 4. Nxd4 a6 5. c4 Nf6 6. Nc3 Qc7 7. a3 b6 8. Be3 Bb7 9. Bd3 Nc6 10. Nxc6 Bxc6 11. 0-0 Bc5 12. Bxc5 bxc5 13. f4 d6 14. Qe1 0-0 15. Rb1 a5 16. Qh4 Rfd8 17. Rbe1 h6 18. Bb1 Rab8 19. Rf2 Qe7 20. Qh3 e5 21. g3 Rb3 22. Ba2 Rxc3 23. bxc3 Nxe4 24. Rfe2 Nxc3 25. Rc2 Nxa2 26. Rxa2 e4 27. Qg2 Qe6 28. Qe2 Rb8 29. Rd2 Rb6 30. Qd1 Be8 31. f5 Qxf5 32. Rxd6 Rb2 33. Rd2 Rb7 34. Rd8 Re7 35. Qd6 Re6 36. Qd7 Qe5 37. Qd5 Qc7 38. Rb1 e3 39. Kf1 e2+ 40. Ke1 a4 41. Rbb8 Kf8 42. Ra8 g6 43. Rdc8 Qb6 44. Qxc5+ Qxc5 45. Rxc5 Kg7 46. Rcc8 Bd7 47. Rd8 Rd6 48. Kxe2 Kf6 49. c5 Bb5+ 50. Ke3 Re6+ 51. Kd4 Kf5 52. Rd5+ Kg4 53. Rb8 Bf1 54. Re5 Rc6 55. Rb6 Rc7 56. c6 Kh3 57. Kc5 Kxh2 58. Re3 Bg2 59. Kd6 Rxc6+ 60. Rxc6 Bxc6 61. Kxc6 f5 62. Kd5 Kh3 63. Ke5 Kg4 64. Rc3 h5 65. Kf6 g5 66. Rc4+ f4 67. gxf4 gxf4 68. Ke5 h4 69. Rxf4+ Kg3 70. Rf8 h3 71. Kd4 h2 72. Rh8 Kg2 73. Kc4 1-0

[Event "Ayvalik Armut"]
[Site "Ayvalik"]
[Date "2023.11.18"]
[Round "6"]
[White "Akkara, Omer"]
[Black "Nadj Hedjesi, Balind"]
[Result "0-1"]
[WhiteElo "1625"]
[BlackElo "2227"]
[PlyCount "82"]
[EventDate "2023.11.16"]
[EventType "schev"]
[EventRounds "10"]
[EventCountry "TUR"]
[SourceTitle "CB47_2023"]
[SourceDate "2023.11.22"]
[SourceVersion "1"]
[SourceVersionDate "2023.11.22"]
[SourceQuality "1"]
[WhiteTeam "Stars"]
[BlackTeam "Masters"]

1. e4 c5 2. Nf3 Nc6 3. Bb5 e6 4. 0-0 Nge7 5. Re1 a6 6. Bf1 b5 7. c3 d5 8. exd5 Qxd5 9. c4 bxc4 10. Nc3 Qd8 11. Bxc4 Nf5 12. d3 Be7 13. Bf4 0-0 14. Qd2 Na5 15. Rad1 Ra7 16. Qc1 Bb7 17. Ne4 Nxc4 18. dxc4 Qa8 19. Qc2 Rd8 20. Rxd8+ Qxd8 21. Rd1 Qa8 22. Re1 f6 23. Ned2 Qc8 24. Qd3 Qc6 25. Ne4 Ba8 26. h3 Rd7 27. Qc2 h6 28. b3 Bb7 29. Kf1 a5 30. Bd2 a4 31. Bc3 Nd4 32. Bxd4 cxd4 33. Qd3 e5 34. Ng3 Bf8 35. h4 Qe6 36. h5 Rd8 37. Re2 Qg4 38. Qg6 Bxf3 39. gxf3 Qxf3 40. Kg1 d3 41. Re3 Qxe3 0-1

[Event "Ayvalik Armut"]
[Site "Ayvalik"]
[Date "2023.11.16"]
[Round "1"]
[White "Nadj Hedjesi, Balind"]
[Black "Akkara, Omer"]
[Result "1-0"]
[WhiteElo "2227"]
[BlackElo "1625"]
[PlyCount "162"]
[EventDate "2023.11.16"]
[EventType "schev"]
[EventRounds "10"]
[EventCountry "TUR"]
[SourceTitle "CB47_2023"]
[SourceDate "2023.11.22"]
[SourceVersion "1"]
[SourceVersionDate "2023.11.22"]
[SourceQuality "1"]
[WhiteTeam "Masters"]
[BlackTeam "Stars"]

1. Nf3 Nf6 2. g3 g6 3. Bg2 Bg7 4. 0-0 0-0 5. d4 d6 6. a4 Nbd7 7. a5 a6 8. c4 e5 9. d5 Qe7 10. Nc3 h6 11. e4 Nh7 12. Nh4 Qe8 13. Qc2 Ndf6 14. c5 g5 15. Nf5 Bxf5 16. exf5 Qe7 17. Re1 Qd8 18. Be3 Re8 19. cxd6 cxd6 20. Na4 Rc8 21. Qb3 Qe7 22. Nb6 Rc7 23. Rac1 Rxc1 24. Rxc1 e4 25. Bd4 Ng4 26. Bxg7 Kxg7 27. h3 Ngf6 28. g4 h5 29. Qg3 hxg4 30. Nc8 Qd7 31. Nxd6 Rd8 32. Nxe4 Qxf5 33. hxg4 Nxg4 34. d6 Nhf6 35. Rc5 Nxe4 36. Rxf5 Nxg3 37. Rxg5+ Kf6 38. Rxg4 Nf5 39. Bxb7 Nxd6 40. Bf3 Ke5 41. Rb4 Nb5 42. Be2 Rb8 43. Bxb5 axb5 44. Kg2 Kd6 45. Rf4 Ke6 46. Rd4 b4 47. Rd1 Ra8 48. Ra1 Ra6 49. Ra4 Kd5 50. Rxb4 Rxa5 51. Kf3 Kc5 52. Rb7 Ra2 53. Kg4 Kc6 54. Rb3 Ra5 55. Rd3 Re5 56. f4 Re2 57. b3 Kc5 58. Kg5 Re6 59. f5 Rb6 60. f6 Rb7 61. Kh6 Kc6 62. Kg7 Kc5 63. Kf8 Kc6 64. Ke8 Ra7 65. Re3 Rb7 66. Re7 Rxb3 67. Kxf7 Kd6 68. Re6+ Kd7 69. Re4 Rd3 70. Kg7 Rg3+ 71. Kf8 Rg1 72. f7 Rg2 73. Rd4+ Kc7 74. Rd5 Kc6 75. Rh5 Kd7 76. Rh7 Ke6 77. Ke8 Ra2 78. Rh6+ Ke5 79. f8Q Ra8+ 80. Kf7 Rxf8+ 81. Kxf8 Kd5 1-0

[Event "Ayvalik Portakal"]
[Site "Ayvalik"]
[Date "2023.11.14"]
[Round "8"]
[White "Nadj Hedjesi, Balind"]
[Black "Tinmaz, Kerem"]
[Result "1-0"]
[WhiteElo "2227"]
[BlackElo "2151"]
[PlyCount "155"]
[EventDate "2023.11.11"]
[EventType "schev"]
[EventRounds "10"]
[EventCountry "TUR"]
[SourceTitle "CB47_2023"]
[SourceDate "2023.11.22"]
[SourceVersion "1"]
[SourceVersionDate "2023.11.22"]
[SourceQuality "1"]
[WhiteTeam "Masters"]
[BlackTeam "Stars"]

1. e4 c6 2. d4 d5 3. f3 g6 4. Na3 Bg7 5. c3 e5 6. dxe5 Bxe5 7. exd5 Qh4+ 8. g3 Bxg3+ 9. hxg3 Qxh1 10. Qe2+ Kf8 11. Qe5 f6 12. Qd6+ Kg7 13. Qc7+ Nd7 14. dxc6 bxc6 15. Be3 Ne7 16. Bf2 Re8 17. 0-0-0 Ne5 18. Rd8 Rxd8 19. Qxd8 Nd5 20. c4 Nf7 21. Qe8 Qh2 22. Bc5 Bb7 23. Qe1 Nb6 24. Nc2 Nd7 25. Be3 Nde5 26. Be2 Nd6 27. Qd2 Rd8 28. b3 Bc8 29. Qa5 Ndf7 30. Qc3 Nd6 31. g4 Qg2 32. g5 Nd7 33. Bd3 Nf7 34. f4 h6 35. gxf6+ Nxf6 36. Bd4 Kh7 37. Bxf6 Qxg1+ 38. Kb2 Re8 39. Qa5 Qf2 40. Qc7 Be6 41. Qxc6 Qxf4 42. Qxe8 Qxf6+ 43. Ka3 h5 44. c5 h4 45. Qc6 h3 46. Bc4 Ng5 47. Ne3 Qe5 48. Bxe6 Qxe3 49. Bd5 Qc1+ 50. Ka4 Qd2 51. Qd6 Qxa2+ 52. Kb5 Qe2+ 53. Kc6 h2 54. Kd7 Qg4+ 55. Kc7 Qg1 56. b4 h1Q 57. Qe7+ Kh6 58. Qf8+ Kh5 59. Qh8+ Kg4 60. Qxh1 Qd4 61. Qg2+ Kf4 62. Qh2+ Kf5 63. Qd6 Qxb4 64. c6 Qb6+ 65. Kd7 Nh7 66. Be6+ Kg5 67. Qd2+ Kf6 68. Qc3+ Kg5 69. Qe5+ Kh6 70. c7 Nf8+ 71. Ke8 Nxe6 72. c8Q Ng7+ 73. Kf8 Nf5 74. Qc1+ Kh5 75. Qh1+ Kg5 76. Qg2+ Kh5 77. Qeh2+ Nh4 78. Qf3+ 1-0

[Event "SRB-chT 2nd League"]
[Site "Novi Sad"]
[Date "2023.11.04"]
[Round "3.4"]
[White "Nadj Hedjesi, Balind"]
[Black "Milekic, Daniel"]
[Result "1-0"]
[WhiteElo "2227"]
[BlackElo "2236"]
[PlyCount "87"]
[EventDate "2023.11.02"]
[EventType "team-tourn"]
[EventRounds "11"]
[EventCountry "SRB"]
[SourceTitle "CB46_2023"]
[SourceDate "2023.11.15"]
[SourceVersion "1"]
[SourceVersionDate "2023.11.15"]
[SourceQuality "1"]
[WhiteTeam "Lajos Segi Bajsa"]
[BlackTeam "Dec"]
[WhiteTeamCountry "SRB"]
[BlackTeamCountry "SRB"]

1. e4 c5 2. Nc3 d6 3. d4 cxd4 4. Qxd4 Nc6 5. Qd2 g6 6. b3 Bh6 7. f4 f5 8. Bb2 Nf6 9. Bd3 Qa5 10. exf5 Bxf5 11. Nge2 Bxd3 12. Qxd3 0-0 13. 0-0-0 Bg7 14. Kb1 Rac8 15. a3 Qf5 16. Rhe1 Qxd3 17. Rxd3 a6 18. h3 Rf7 19. Re3 Nh5 20. Nd5 Bxb2 21. Kxb2 e5 22. g3 Rcf8 23. Rd1 Ng7 24. Re4 Ne6 25. Nb6 Rd8 26. b4 g5 27. fxe5 dxe5 28. Rxd8+ Nexd8 29. Nc4 Re7 30. Nc3 Nf7 31. Nd5 Re6 32. c3 Kg7 33. a4 Nd6 34. Nxd6 Rxd6 35. c4 Re6 36. Kc3 Kg6 37. g4 h5 38. c5 Nd4 39. Nb6 h4 40. Kc4 Nc6 41. b5 axb5+ 42. axb5 Nd8 43. Nd7 Nf7 44. Nf8+ 1-0

[Event "Titled Tuesday intern op 11th Apr Late"]
[Site "Chess.com INT"]
[Date "2023.04.11"]
[Round "7"]
[White "Nadj Hedjesi, Balind"]
[Black "Krishnan, Varun"]
[Result "0-1"]
[WhiteElo "2231"]
[BlackElo "2341"]
[PlyCount "60"]
[EventDate "2023.04.11"]
[EventType "swiss (blitz)"]
[EventRounds "11"]
[EventCountry "USA"]
[SourceTitle "CBM 213 Extra"]
[Source "ChessBase"]
[SourceDate "2023.05.31"]
[SourceVersion "1"]
[SourceVersionDate "2023.05.31"]
[SourceQuality "1"]

1. e4 c5 2. Nf3 d6 3. d4 cxd4 4. Nxd4 Nf6 5. Nc3 a6 6. Rg1 b5 7. g4 Bb7 8. g5 Nxe4 9. Nxe4 Bxe4 10. a4 b4 11. Qe2 d5 12. f3 Bg6 13. f4 Be4 14. Bg2 Bxg2 15. Rxg2 e6 16. f5 Qb6 17. fxe6 Qxd4 18. exf7+ Kd7 19. Rg4 Qc5 20. Be3 Qd6 21. 0-0-0 Nc6 22. Qg2 Ne7 23. Rgd4 Kc6 24. Rc4+ Kb7 25. Bc5 Qc6 26. Rxb4+ Kc8 27. Qg4+ Qd7 28. Qxd7+ Kxd7 29. Bxe7 Bxe7 30. Rb7+ Kd6 0-1

[Event "Titled Tuesday intern op 11th Apr Late"]
[Site "Chess.com INT"]
[Date "2023.04.11"]
[Round "5"]
[White "Nadj Hedjesi, Balind"]
[Black "Tworuszka, Michal"]
[Result "1-0"]
[WhiteElo "2231"]
[BlackElo "2260"]
[PlyCount "93"]
[EventDate "2023.04.11"]
[EventType "swiss (blitz)"]
[EventRounds "11"]
[EventCountry "USA"]
[SourceTitle "CBM 213 Extra"]
[Source "ChessBase"]
[SourceDate "2023.05.31"]
[SourceVersion "1"]
[SourceVersionDate "2023.05.31"]
[SourceQuality "1"]

1. e4 e5 2. d4 exd4 3. Qxd4 Nc6 4. Qe3 Nf6 5. Nc3 Bb4 6. Bd2 0-0 7. 0-0-0 Re8 8. Qf4 Bxc3 9. Bxc3 Nxe4 10. Bc4 Nf6 11. Nf3 d6 12. Ng5 Be6 13. Nxe6 fxe6 14. Rhe1 d5 15. Bd3 Qd6 16. Qh4 e5 17. g4 e4 18. Be2 Ne7 19. g5 Ng6 20. Qg3 Qxg3 21. hxg3 Nd7 22. Rxd5 Nb6 23. Rd4 Rad8 24. a4 c6 25. Rxd8 Rxd8 26. a5 Nd5 27. Bc4 Re8 28. Bd4 a6 29. c3 Kh8 30. Bd3 Ne5 31. Bxe5 Rxe5 32. Rxe4 Rxe4 33. Bxe4 Ne7 34. Kd2 g6 35. Ke3 Kg7 36. Kd4 Kf7 37. Kc5 Ke6 38. Kb6 Ke5 39. f3 Nf5 40. Bxf5 Kxf5 41. Kxb7 Kxg5 42. Kxa6 h5 43. Kb6 Kf5 44. a6 g5 45. a7 h4 46. gxh4 gxh4 47. a8Q 1-0

[Event "Titled Tuesday intern op 11th Apr Late"]
[Site "Chess.com INT"]
[Date "2023.04.11"]
[Round "11"]
[White "Novikova, Margarita"]
[Black "Nadj Hedjesi, Balind"]
[Result "1-0"]
[WhiteElo "1985"]
[BlackElo "2231"]
[PlyCount "53"]
[EventDate "2023.04.11"]
[EventType "swiss (blitz)"]
[EventRounds "11"]
[EventCountry "USA"]
[SourceTitle "CBM 213 Extra"]
[Source "ChessBase"]
[SourceDate "2023.05.31"]
[SourceVersion "1"]
[SourceVersionDate "2023.05.31"]
[SourceQuality "1"]

1. e4 c5 2. Nc3 a6 3. d3 b5 4. g3 Bb7 5. Bg2 e6 6. Nf3 d5 7. exd5 b4 8. dxe6 Qe7 9. Ne2 Qxe6 10. 0-0 Nf6 11. Nf4 Qb6 12. Re1+ Be7 13. Qe2 Nc6 14. Nd2 0-0 15. Nc4 Qc7 16. Nd5 Nxd5 17. Bxd5 Nd4 18. Qxe7 Qxe7 19. Rxe7 Bxd5 20. Ne3 Bf3 21. c3 Nb5 22. Bd2 a5 23. Nc4 Rfd8 24. Re3 Bc6 25. Ne5 Be8 26. f4 h6 27. Rae1 1-0

[Event "Titled Tuesday intern op 11th Apr Late"]
[Site "Chess.com INT"]
[Date "2023.04.11"]
[Round "8"]
[White "Papayan, Oleg"]
[Black "Nadj Hedjesi, Balind"]
[Result "0-1"]
[WhiteElo "2253"]
[BlackElo "2231"]
[PlyCount "74"]
[EventDate "2023.04.11"]
[EventType "swiss (blitz)"]
[EventRounds "11"]
[EventCountry "USA"]
[SourceTitle "CBM 213 Extra"]
[Source "ChessBase"]
[SourceDate "2023.05.31"]
[SourceVersion "1"]
[SourceVersionDate "2023.05.31"]
[SourceQuality "1"]

1. e4 c5 2. Ne2 d6 3. d4 cxd4 4. Nxd4 Nf6 5. Nc3 Bd7 6. Bb5 Nc6 7. Bxc6 bxc6 8. 0-0 g6 9. e5 dxe5 10. Nb3 Bg7 11. Re1 Qc7 12. Nc5 0-0 13. Bg5 Rfd8 14. Qe2 h6 15. Bh4 Bf5 16. Bg3 Nd5 17. N3e4 Nf4 18. Bxf4 exf4 19. c3 g5 20. f3 e6 21. a4 a5 22. Rad1 Qb6 23. Qf2 Rxd1 24. Rxd1 Rd8 25. Rxd8+ Qxd8 26. Qd2 Qb6 27. Kf1 Bxe4 28. Nxe4 Bf8 29. h4 Be7 30. Qd7 Kf8 31. Qd2 f5 32. Nf2 Qe3 33. Qd7 Qc1+ 34. Nd1 Kf7 35. h5 g4 36. Qxc6 Qxd1+ 37. Kf2 g3# 0-1

[Event "Titled Tuesday intern op 11th Apr Late"]
[Site "Chess.com INT"]
[Date "2023.04.11"]
[Round "1"]
[White "Sahakyan, Aleks"]
[Black "Nadj Hedjesi, Balind"]
[Result "1-0"]
[WhiteElo "2328"]
[BlackElo "2231"]
[PlyCount "127"]
[EventDate "2023.04.11"]
[EventType "swiss (blitz)"]
[EventRounds "11"]
[EventCountry "USA"]
[SourceTitle "CBM 213 Extra"]
[Source "ChessBase"]
[SourceDate "2023.05.31"]
[SourceVersion "1"]
[SourceVersionDate "2023.05.31"]
[SourceQuality "1"]

1. Nf3 g5 2. Nxg5 e5 3. d4 Be7 4. h4 h6 5. Nh3 e4 6. Nf4 d5 7. g3 Nc6 8. c4 Nf6 9. Nc3 dxc4 10. e3 Bg4 11. Qa4 Bf3 12. Rg1 Qd7 13. Bxc4 Rf8 14. Bd2 a6 15. Be2 0-0-0 16. Bxf3 exf3 17. 0-0-0 Kb8 18. d5 Ne5 19. Qxd7 Rxd7 20. e4 Nfg4 21. Rgf1 Bc5 22. Nh3 Nh2 23. Rh1 Nhg4 24. Be1 f5 25. exf5 Rxf5 26. Ne4 Bb6 27. Bc3 Nf7 28. Bd4 Bxd4 29. Rxd4 Rfxd5 30. Rxd5 Rxd5 31. Rd1 Re5 32. Nd2 Nd6 33. Nxf3 Rf5 34. Nd4 Rc5+ 35. Kb1 Ne4 36. f3 Ne3 37. Rd3 Nxg3 38. Rxe3 Rd5 39. Ne2 Nf1 40. Re8+ Ka7 41. Nhf4 Rc5 42. a4 Nd2+ 43. Ka2 Rc4 44. b3 Rc2+ 45. Ka3 a5 46. b4 axb4+ 47. Kxb4 c5+ 48. Kb5 Nxf3 49. Re3 Nd4+ 50. Nxd4 cxd4 51. Rd3 Rc3 52. Rxd4 Rc1 53. a5 Rb1+ 54. Kc5 Ra1 55. Kb5 Rb1+ 56. Rb4 Rh1 57. Nd3 Rd1 58. Nc5 Rd5 59. Kc4 Rh5 60. Rxb7+ Ka8 61. Rh7 Rxh4+ 62. Kb5 Rh1 63. Ka6 Rb1 64. Nd7 1-0

[Event "EU-ch 23rd"]
[Site "Vrnjacka Banja"]
[Date "2023.03.07"]
[Round "5"]
[White "Nadj Hedjesi, Balind"]
[Black "Godena, Michele"]
[Result "0-1"]
[WhiteElo "2223"]
[BlackElo "2446"]
[PlyCount "80"]
[EventDate "2023.03.03"]
[EventType "swiss"]
[EventRounds "11"]
[EventCountry "SRB"]
[SourceTitle "CBM 213"]
[Source "ChessBase"]
[SourceDate "2023.04.30"]
[SourceVersion "1"]
[SourceVersionDate "2023.04.30"]
[SourceQuality "1"]

1. e4 e5 2. d4 exd4 3. Qxd4 Nc6 4. Qe3 Bb4+ 5. Nc3 Nf6 6. Bd2 0-0 7. 0-0-0 Re8 8. Qf4 Ne5 9. f3 c6 10. g4 d5 11. exd5 Nxd5 12. Nxd5 Bxd2+ 13. Qxd2 cxd5 14. Bb5 Bd7 15. Bxd7 Qxd7 16. Qxd5 Qc7 17. Ne2 Nc4 18. Nc3 Qf4+ 19. Kb1 Ne3 20. Qd2 Qxf3 21. Rde1 Rad8 22. Qe2 Qxe2 23. Rxe2 Nxg4 24. Rhe1 Rxe2 25. Rxe2 f5 26. h3 Nf6 27. a4 Kf7 28. Re5 g6 29. Kc1 f4 30. a5 h6 31. b4 g5 32. b5 Kg6 33. Re7 h5 34. Rxb7 f3 35. Nd1 g4 36. hxg4 hxg4 37. Re7 g3 38. Re1 f2 39. Nxf2 gxf2 40. Rf1 Ne4 0-1

[Event "EU-ch 23rd"]
[Site "Vrnjacka Banja"]
[Date "2023.03.05"]
[Round "3"]
[White "Nadj Hedjesi, Balind"]
[Black "Neverov, Valeriy"]
[Result "1/2-1/2"]
[WhiteElo "2223"]
[BlackElo "2414"]
[PlyCount "68"]
[EventDate "2023.03.03"]
[EventType "swiss"]
[EventRounds "11"]
[EventCountry "SRB"]
[SourceTitle "CBM 213"]
[Source "ChessBase"]
[SourceDate "2023.04.30"]
[SourceVersion "1"]
[SourceVersionDate "2023.04.30"]
[SourceQuality "1"]

1. e4 c5 2. a3 Nc6 3. b4 e5 4. b5 Nd4 5. c3 Ne6 6. Nf3 Nf6 7. d3 d6 8. Nbd2 g6 9. g3 Bg7 10. Bg2 0-0 11. a4 a6 12. Rb1 axb5 13. axb5 d5 14. 0-0 c4 15. Nxe5 cxd3 16. Nxd3 dxe4 17. Nxe4 Nxe4 18. Bxe4 Bxc3 19. Be3 Ng5 20. Bxg5 Qxg5 21. Nf4 Bg7 22. Qd5 Qf6 23. Qb3 Qd4 24. Rfe1 Kh8 25. b6 Ra6 26. Bd3 Ra5 27. Re7 Qf6 28. Rbe1 Ra1 29. Rxa1 Qxa1+ 30. Kg2 Qf6 31. Qb4 Rd8 32. Nd5 Qd4 33. Qxd4 Bxd4 34. Be4 Be6 1/2-1/2

[Event "Paracin Prestige op"]
[Site "Paracin"]
[Date "2023.01.23"]
[Round "9"]
[White "Ghevondyan, Arman"]
[Black "Nadj Hedjesi, Balind"]
[Result "1/2-1/2"]
[WhiteElo "1942"]
[BlackElo "2245"]
[PlyCount "37"]
[EventDate "2023.01.17"]
[EventType "swiss"]
[EventRounds "9"]
[EventCountry "SRB"]
[SourceTitle "CBM 212 Extra"]
[Source "ChessBase"]
[SourceDate "2023.03.31"]
[SourceVersion "1"]
[SourceVersionDate "2023.03.31"]
[SourceQuality "1"]

1. Nf3 d5 2. g3 Nc6 3. d4 Bf5 4. Bg2 Nb4 5. Na3 e6 6. 0-0 h6 7. Ne5 Nc6 8. Nxc6 bxc6 9. c3 Nf6 10. Qa4 Qd7 11. Nc2 c5 12. Qxd7+ Nxd7 13. Ne3 Bg6 14. f4 f5 15. g4 fxg4 16. f5 exf5 17. Bxd5 0-0-0 18. Nxf5 Nf6 19. Bg2 1/2-1/2

[Event "HUN-chT 2122"]
[Site "Hungary"]
[Date "2022.02.27"]
[Round "7.8"]
[White "Nadj Hedjesi, Balind"]
[Black "Kaczur, Florian"]
[Result "0-1"]
[WhiteElo "2251"]
[BlackElo "2480"]
[PlyCount "130"]
[EventDate "2021.10.10"]
[EventType "team-tourn"]
[EventRounds "9"]
[EventCountry "HUN"]
[SourceTitle "EXT 2023"]
[Source "ChessBase"]
[SourceDate "2022.10.05"]
[SourceVersion "1"]
[SourceVersionDate "2022.10.05"]
[SourceQuality "1"]
[WhiteTeam "Mako Duocor"]
[BlackTeam "Paks"]
[WhiteTeamCountry "HUN"]
[BlackTeamCountry "HUN"]

1. Nf3 Nf6 2. g3 d5 3. Bg2 c5 4. 0-0 e6 5. c4 d4 6. e3 Nc6 7. exd4 cxd4 8. d3 Bc5 9. Re1 0-0 10. Nbd2 Re8 11. a3 a5 12. Ng5 Bf8 13. Nde4 h6 14. Nxf6+ Qxf6 15. Ne4 Qd8 16. Qh5 g6 17. Qf3 f5 18. Nd2 Bd7 19. Rb1 Rb8 20. h4 Qf6 21. Qf4 e5 22. Bd5+ Kh8 23. Qf3 Bg7 24. Nb3 b6 25. Kg2 e4 26. dxe4 Ne5 27. Qd1 fxe4 28. Bf4 Nd3 29. Rxe4 Rxe4 30. Qxd3 Rxf4 31. gxf4 Qxh4 32. Rh1 Qg4+ 33. Qg3 Re8 34. Qxg4 Bxg4 35. Nc1 Bf5 36. b4 Bc2 37. Kf3 axb4 38. axb4 d3 39. Bf7 Re7 40. Bxg6 d2 41. Bxc2 Re1 42. Nb3 Rxh1 43. Nxd2 Bc3 44. Ne4 Bxb4 45. Ng3 Rc1 46. Bd3 Rd1 47. Be2 Rd2 48. Ne4 Ra2 49. Bf1 Ra5 50. Bh3 Ra3+ 51. Kg2 Kg7 52. Bg4 Be7 53. Be2 Kg6 54. Ng3 Bd6 55. Bh5+ Kh7 56. f5 Bxg3 57. fxg3 Kg7 58. Be2 Kf6 59. g4 Ke5 60. Kf2 Kf4 61. Kg2 Ra2 62. Kf2 Rd2 63. f6 Rd6 64. c5 bxc5 65. f7 Rf6 0-1

[Event "Subotica-ch op"]
[Site "Subotica"]
[Date "2020.03.11"]
[Round "8"]
[White "Nadj Hedjesi, Balind"]
[Black "Kosa, Jeno"]
[Result "1-0"]
[WhiteElo "2300"]
[BlackElo "1990"]
[PlyCount "87"]
[EventDate "2020.02.24"]
[EventType "swiss"]
[EventRounds "9"]
[EventCountry "SRB"]
[SourceTitle "CBM 195 Extra"]
[Source "ChessBase"]
[SourceDate "2020.05.31"]
[SourceVersion "1"]
[SourceVersionDate "2020.05.31"]
[SourceQuality "1"]

1. e4 d6 2. d4 Nf6 3. Nc3 e5 4. Nf3 exd4 5. Nxd4 Be7 6. g3 0-0 7. Bg2 Re8 8. 0-0 Bf8 9. h3 Nbd7 10. Re1 Nc5 11. b4 Ncd7 12. Nb3 d5 13. Nxd5 Nxd5 14. Qxd5 Bxb4 15. Rd1 Qf6 16. Qc4 Bc5 17. Qe2 Bb6 18. c4 Qg6 19. Rxd7 Bxd7 20. c5 Bc6 21. cxb6 Bxe4 22. Be3 axb6 23. Rc1 c5 24. Bxe4 Qxe4 25. Kh2 Ra4 26. Rc3 h6 27. Qb2 Qb4 28. Rc2 Rea8 29. Bd2 Qe4 30. Nc1 Qf5 31. Bc3 f6 32. Re2 Qf3 33. Re3 Qc6 34. Qe2 Rf8 35. Re6 Qc7 36. Re7 Qc6 37. Nd3 Qd5 38. Nf4 Qxa2 39. Qf3 Ra3 40. Nd5 Qc2 41. Nxf6+ Rxf6 42. Rxg7+ Kh8 43. Qxf6 Qxc3 44. Qxh6# 1-0